Polish Cities - Sudden Death - Statistics

General Stats
  • This quiz has been taken 3,396 times
  • The average score is 12 of 20
Answers on the Grid
Answers color-coded by a green-red scale on the quiz's grid according to % correct below.
Warsaw
Prague
Kraków
Wrocław
Leipzig
Kaliningrad
Plovdiv
Rivne
Bydgoszcz
Ljubljana
Legnica
Rostov-on-Don
Rybnik
Debrecen
Bucharest
Košice
Łódź
Graz
Szczecin
Wiedźmin
Pécs
Gdynia
Katowice
Trieste
Nowy Sącz
Vilnius
Chișinău
Rostock
Gdańsk
Kielce
Cluj-Napoca
Kruševac
Szeged
Poznań
Kharkiv
Białystok
Çeşme
Rijeka
Roskilde
Radom
Itajaí
Plzeň
Vologda
Płock
Krasnodar
Klaipėda
Częstochowa
Lublin
Bergen
Novi Sad
Tarnów
 
Answer Stats
Answer % Correct
Warsaw
99%
Wrocław
92%
Kraków
88%
Łódź
77%
Szczecin
67%
Bydgoszcz
66%
Katowice
62%
Gdańsk
61%
Poznań
61%
Gdynia
54%
Białystok
51%
Częstochowa
49%
Lublin
49%
Nowy Sącz
46%
Płock
45%
Tarnów
44%
Rybnik
43%
Legnica
42%
Kielce
41%
Radom
41%
No matching quizzes found
Score Distribution
Percent of People with Each Score
Percentile by Number Answered
Your Score History
You have not taken this quiz